[Event "Gipuzkoa-ch A"]
[Site "Azpeitia"]
[Date "2019.11.16"]
[Round "5"]
[White "Esturo Loiola, Ion"]
[Black "Berdote Alonso, Carlos"]
[Result "1-0"]
[WhiteElo "1796"]
[BlackElo "1927"]
[PlyCount "87"]
[EventDate "2019.10.19"]
[EventType "swiss"]
[EventRounds "7"]
[EventCountry "ESP"]
[SourceTitle "EXT 2024"]
[Source "ChessBase"]
[SourceDate "2023.10.10"]
[SourceVersion "1"]
[SourceVersionDate "2023.10.10"]
[SourceQuality "1"]

1. d4 Nf6 2. Nc3 d5 3. Bf4 Bf5 4. f3 e6 5. g4 Bg6 6. h4 h5 7. g5 Nfd7 8. Nb5 Na6 9. e3 Nb6 10. Bd3 Bxd3 11. Qxd3 c6 12. Nc3 Nc4 13. g6 f6 14. b3 Nb4 15. Qd1 Na3 16. Rc1 Qa5 17. Kf2 0-0-0 18. Nge2 Re8 19. Na4 e5 20. Bg3 b5 21. c3 Na6 22. Nb2 Rh6 23. c4 dxc4 24. bxc4 b4 25. Qd3 e4 26. fxe4 Qd8 27. c5 Nb5 28. Rhd1 Qe7 29. e5 Qd7 30. Nc4 f5 31. Nf4 Nac7 32. Nd6+ Bxd6 33. cxd6 Nc3 34. dxc7 Nxd1+ 35. Rxd1 Qxc7 36. Qxf5+ Kb7 37. Ne6 Qe7 38. Nc5+ Kb6 39. Ke2 Rf8 40. Qd3 Qe8 41. Qa6+ Kc7 42. Qxa7+ Kc8 43. e6 Kd8 44. Qc7# 1-0

[Event "San Sebastian Gros op 28th"]
[Site "San Sebastian"]
[Date "2018.06.22"]
[Round "1"]
[White "Berdote Alonso, Carlos"]
[Black "Vasquez Schroder, Rodrigo Rafael"]
[Result "0-1"]
[WhiteElo "1879"]
[BlackElo "2505"]
[PlyCount "80"]
[EventDate "2018.06.22"]
[EventType "swiss"]
[EventRounds "9"]
[EventCountry "ESP"]
[SourceTitle "CBM 185 Extra"]
[Source "ChessBase"]
[SourceDate "2018.07.29"]
[SourceVersion "1"]
[SourceVersionDate "2018.07.29"]
[SourceQuality "1"]

1. d4 Nf6 2. Bg5 Ne4 3. Bf4 c5 4. f3 Qa5+ 5. c3 Nf6 6. dxc5 Qxc5 7. Qd4 Qxd4 8. cxd4 Nc6 9. e3 Nd5 10. Ne2 g6 11. Nbc3 Nxf4 12. Nxf4 Bh6 13. Nfd5 Kd8 14. Kf2 e6 15. Nf6 Ke7 16. Nfe4 f5 17. d5 Nb4 18. d6+ Kf7 19. Nd2 Nc2 20. Nc4 Nxa1 21. Bd3 Bg7 22. Rxa1 b6 23. Nb5 Bb7 24. Nc7 Rac8 25. Rc1 Rxc7 26. dxc7 Ke7 27. b4 Rc8 28. Nd2 Be5 29. f4 Rxc7 30. Rxc7 Bxc7 31. Nb1 Bd6 32. a3 a5 33. bxa5 bxa5 34. a4 Bb4 35. Bc2 Kd6 36. g3 Kc5 37. Ke2 Be4 38. Bxe4 fxe4 39. g4 Kc4 40. h4 h5 0-1

[Event "San Sebastian Gros op 27th"]
[Site "San Sebastian"]
[Date "2017.06.23"]
[Round "1"]
[White "Andres Gonzalez, Alberto"]
[Black "Berdote Alonso, Carlos"]
[Result "1-0"]
[WhiteElo "2518"]
[BlackElo "1894"]
[PlyCount "40"]
[EventDate "2017.06.23"]
[EventType "swiss"]
[EventRounds "9"]
[EventCountry "ESP"]
[SourceTitle "CBM 179 Extra"]
[Source "ChessBase"]
[SourceDate "2017.08.23"]
[SourceVersion "1"]
[SourceVersionDate "2017.08.23"]
[SourceQuality "1"]

1. c4 Nf6 2. g3 e6 3. Bg2 d5 4. Nf3 Bd6 5. 0-0 0-0 6. d4 c6 7. Qc2 Nbd7 8. Nc3 Re8 9. Rd1 Qe7 10. Bg5 h6 11. Bxf6 Nxf6 12. e4 dxe4 13. Nxe4 Bc7 14. Ne5 Nd7 15. f4 f5 16. Nxd7 Qxd7 17. Nc5 Qe7 18. Nd3 Rd8 19. Ne5 Bxe5 20. dxe5 Qc5+ 1-0

[Event "Donostia Spring op 13th"]
[Site "Donostia"]
[Date "2017.06.10"]
[Round "7.6"]
[White "Berdote Alonso, Carlos"]
[Black "Abalia Patino, Aritz"]
[Result "0-1"]
[WhiteElo "1883"]
[BlackElo "2032"]
[PlyCount "74"]
[EventDate "2017.04.29"]
[EventType "swiss"]
[EventRounds "7"]
[EventCountry "ESP"]
[SourceTitle "EXT 2024"]
[Source "ChessBase"]
[SourceDate "2023.10.10"]
[SourceVersion "1"]
[SourceVersionDate "2023.10.10"]
[SourceQuality "1"]

1. d4 d5 2. c4 c6 3. Nf3 Nf6 4. e3 e6 5. Bd3 Be7 6. 0-0 0-0 7. Nc3 Nbd7 8. e4 dxe4 9. Nxe4 c5 10. dxc5 Nxe4 11. Bxe4 Nxc5 12. Bc2 Bf6 13. Rb1 a5 14. Be3 Qe7 15. Qe2 e5 16. Nd2 Be6 17. b3 b6 18. Rfe1 g6 19. Ne4 Nxe4 20. Bxe4 Rab8 21. Rbd1 a4 22. bxa4 Qb4 23. Bd5 Bxd5 24. Rxd5 Rfd8 25. Rb5 Qxa4 26. Bxb6 Rdc8 27. c5 Rc6 28. Ra5 Qf4 29. g3 Qb4 30. Qe4 Rcxb6 31. cxb6 Qxa5 32. Rb1 Rxb6 33. Rxb6 Qxb6 34. a4 Kg7 35. h4 Qd4 36. Qc6 e4 37. Kg2 Qd3 0-1

[Event "San Sebastian op 40th"]
[Site "San Sebastian"]
[Date "2017.04.09"]
[Round "2"]
[White "Perez Pacheco, Ricardo"]
[Black "Berdote Alonso, Carlos"]
[Result "1-0"]
[WhiteElo "2192"]
[BlackElo "1883"]
[PlyCount "107"]
[EventDate "2017.04.08"]
[EventType "swiss"]
[EventRounds "9"]
[EventCountry "ESP"]
[SourceTitle "CBM 177 Extra"]
[Source "ChessBase"]
[SourceDate "2017.04.27"]
[SourceVersion "1"]
[SourceVersionDate "2017.04.27"]
[SourceQuality "1"]

1. e4 e6 2. d4 d5 3. Nd2 c5 4. exd5 Qxd5 5. Ngf3 Nf6 6. Bc4 Qh5 7. 0-0 Be7 8. dxc5 Qxc5 9. Qe2 0-0 10. Bd3 Nbd7 11. Nb3 Qh5 12. c3 b6 13. Nbd4 Nc5 14. Bb5 Bb7 15. Bf4 Rac8 16. Ne5 Qxe2 17. Bxe2 Nd5 18. Bg3 Ne4 19. Rad1 Nxg3 20. hxg3 Rfd8 21. a3 Bxa3 22. bxa3 Nxc3 23. Nef3 Nxd1 24. Bxd1 Bxf3 25. Nxf3 Rc1 26. Be2 Rxf1+ 27. Kxf1 Rc8 28. Ke1 Rc1+ 29. Bd1 b5 30. Nd4 a6 31. Kd2 Rc7 32. Bf3 Kf8 33. Nc6 f6 34. Kc3 a5 35. Kb3 b4 36. a4 e5 37. Nxa5 Ke7 38. Nc4 Ke6 39. Kxb4 f5 40. a5 e4 41. Bd1 g6 42. a6 Kd5 43. Bb3 Kc6 44. Ka5 Kc5 45. Ne3 Rd7 46. Bd5 Ra7 47. Bb7 h6 48. g4 f4 49. Nc2 e3 50. fxe3 fxe3 51. Nxe3 Kd4 52. Nd5 Kc5 53. Ne7 h5 54. g5 1-0

[Event "San Sebastian Gros op 26th"]
[Site "San Sebastian"]
[Date "2016.07.01"]
[Round "9"]
[White "Berdote Alonso, Carlos"]
[Black "Etchegaray, Patrice"]
[Result "0-1"]
[WhiteElo "1851"]
[BlackElo "2367"]
[PlyCount "78"]
[EventDate "2016.06.24"]
[EventType "swiss"]
[EventRounds "9"]
[EventCountry "ESP"]
[SourceTitle "EXT 2017"]
[Source "ChessBase"]
[SourceDate "2016.10.25"]
[SourceVersion "1"]
[SourceVersionDate "2016.10.25"]
[SourceQuality "1"]

1. d4 Nf6 2. Nf3 g6 3. c4 Bg7 4. Nc3 d6 5. e4 0-0 6. Be2 c5 7. dxc5 Qa5 8. cxd6 Nxe4 9. 0-0 Nxc3 10. bxc3 exd6 11. Qxd6 Re8 12. Be3 Bf5 13. c5 Nc6 14. Bc4 Rad8 15. Qg3 Re4 16. Bxf7+ Kxf7 17. Ng5+ Kg8 18. Nxe4 Bxe4 19. Rfd1 Bxc3 20. Rac1 Be5 21. Qh4 Bf5 22. Qc4+ Kg7 23. Bg5 Rd4 24. Rxd4 Bxd4 25. Qd5 h6 26. Bf4 Qb4 27. Qd6 g5 28. Bg3 Qd2 29. Rf1 Qxa2 30. Qc7+ Qf7 31. Qd6 a5 32. h4 a4 33. Rd1 Bf6 34. hxg5 hxg5 35. Rd5 a3 36. Rxf5 a2 37. Rxf6 a1Q+ 38. Kh2 Qh5+ 39. Bh4 Qxh4# 0-1

[Event "Gipuzkoa-ch"]
[Site "Donostia"]
[Date "2015.10.03"]
[Round "1.6"]
[White "Gonzalez Blanco, Aitor"]
[Black "Berdote Alonso, Carlos"]
[Result "1-0"]
[WhiteElo "2005"]
[BlackElo "1832"]
[PlyCount "121"]
[EventDate "2015.10.03"]
[EventType "swiss"]
[EventRounds "7"]
[EventCountry "ESP"]
[SourceTitle "EXT 2024"]
[Source "ChessBase"]
[SourceDate "2023.10.10"]
[SourceVersion "1"]
[SourceVersionDate "2023.10.10"]
[SourceQuality "1"]

1. d4 Nf6 2. c4 e6 3. Nc3 d5 4. Nf3 c5 5. e3 cxd4 6. exd4 Nc6 7. c5 Be7 8. Bb5 Bd7 9. Bxc6 Bxc6 10. b4 Ne4 11. Ne2 a5 12. Ne5 axb4 13. Nxc6 bxc6 14. Qb3 Qa5 15. Bb2 0-0 16. f3 Nf6 17. 0-0 Nd7 18. f4 Bf6 19. Nc1 Rfb8 20. Nd3 Qb5 21. Ne5 Nf8 22. Ng4 Be7 23. Qg3 Ng6 24. f5 exf5 25. Rxf5 Qe2 26. Rf2 Qe6 27. Qf3 Rf8 28. Re2 Qc8 29. Bc1 Re8 30. Rb1 Nh4 31. Qg3 Ng6 32. h3 Bh4 33. Qf3 Rxe2 34. Qxe2 Qf5 35. Rxb4 h5 36. Nh2 Bf6 37. a4 Qd7 38. Qxh5 Qe7 39. Bd2 Qe4 40. Nf3 Nf4 41. Qg4 Ne2+ 42. Kf2 Qe7 43. a5 Re8 44. Rb3 Qa7 45. Re3 Rxe3 46. Kxe3 Nxd4 47. Nxd4 Qxc5 48. Qc8+ Kh7 49. Qf5+ Kg8 50. Qd3 Qe7+ 51. Kf2 Qc5 52. Bc3 Qa3 53. Ne2 d4 54. Nxd4 c5 55. Ne2 Qb3 56. a6 c4 57. Qe4 Bxc3 58. a7 Qb6+ 59. Qe3 Qf6+ 60. Kg1 Qd8 61. Nxc3 1-0

[Event "San Sebastian Primavera de Gros op 11th"]
[Site "San Sebastian"]
[Date "2015.06.06"]
[Round "7"]
[White "Berdote Alonso, Carlos"]
[Black "Lertxundi Azpiazu, Jon"]
[Result "0-1"]
[WhiteElo "1866"]
[BlackElo "1668"]
[PlyCount "98"]
[EventDate "2015.04.25"]
[EventType "swiss"]
[EventRounds "8"]
[EventCountry "ESP"]
[SourceTitle "EXT 2019"]
[Source "ChessBase"]
[SourceDate "2018.10.10"]
[SourceVersion "1"]
[SourceVersionDate "2018.10.10"]
[SourceQuality "1"]

1. d4 Nf6 2. Nf3 d5 3. Bf4 e6 4. e3 c5 5. c4 cxd4 6. exd4 Qb6 7. Qb3 Bb4+ 8. Nbd2 Nc6 9. Be3 Bxd2+ 10. Nxd2 Qxb3 11. axb3 Ng4 12. Be2 Nxe3 13. fxe3 Nb4 14. Kf2 Bd7 15. Nf3 f6 16. Rhc1 Bc6 17. Ne1 a6 18. Nc2 Nxc2 19. Rxc2 Kd7 20. Rac1 Rac8 21. b4 dxc4 22. Rxc4 Rc7 23. e4 Kd6 24. Bf3 Rhc8 25. d5 Bd7 26. Rc5 Rxc5 27. bxc5+ Rxc5 28. e5+ fxe5 29. Rxc5 Kxc5 30. dxe6 Bxe6 31. Bxb7 a5 32. Be4 g6 33. h4 Bf5 34. Bf3 Kc4 35. Bd1 Kd3 36. Bb3 e4 37. Ke1 Ke3 38. Bd1 h5 39. Be2 Bg4 40. Bc4 Bf5 41. Be2 Bg4 42. Bc4 Kf4 43. Bf7 Bf5 44. Kf2 Kg4 45. Ke3 Kg3 46. Bd5 Kxg2 47. Kf4 Kf2 48. Bxe4 Bxe4 49. Kxe4 Kg3 0-1

[Event "San Sebastian op 38th"]
[Site "San Sebastian"]
[Date "2015.03.29"]
[Round "2"]
[White "Berdote Alonso, Carlos"]
[Black "Al Hajiri, Bader"]
[Result "0-1"]
[WhiteElo "1866"]
[BlackElo "2115"]
[PlyCount "76"]
[EventDate "2015.03.28"]
[EventType "swiss"]
[EventRounds "9"]
[EventCountry "ESP"]
[SourceTitle "CBM 165 Extra"]
[Source "ChessBase"]
[SourceDate "2015.04.21"]
[SourceVersion "1"]
[SourceVersionDate "2015.04.21"]
[SourceQuality "1"]

1. d4 d5 2. c4 c6 3. Nf3 Nf6 4. Nc3 dxc4 5. e3 b5 6. a4 Nd5 7. Bd2 e6 8. axb5 Nxc3 9. Bxc3 cxb5 10. Ba5 Qd5 11. Qc2 Bb7 12. Be2 Nc6 13. Bd2 Be7 14. 0-0 0-0 15. Rfd1 a6 16. Bc3 Nb4 17. Qd2 Qd6 18. Ne5 Nd5 19. Ba5 Bd8 20. e4 Bxa5 21. Rxa5 Ne7 22. Ra3 Bxe4 23. Qf4 Bc2 24. Rd2 Nd5 25. Qh4 Bb3 26. Bf3 c3 27. Re2 Bd1 28. Be4 f5 29. Re1 fxe4 30. Rxd1 c2 31. Rc1 Nf4 32. Re3 Qxd4 33. Nc6 Qd1+ 34. Re1 Ne2+ 35. Kh1 Nxc1 36. Ne7+ Kf7 37. Qxe4 Qxe1+ 38. Qxe1 Rad8 0-1

[Event "San Sebastian op 36th"]
[Site "San Sebastian"]
[Date "2013.03.29"]
[Round "8"]
[White "Berdote Alonso, Carlos"]
[Black "Ruiz Escobar, Rafael"]
[Result "1-0"]
[WhiteElo "1782"]
[BlackElo "1932"]
[PlyCount "59"]
[EventDate "2013.03.23"]
[EventType "swiss"]
[EventRounds "9"]
[EventCountry "ESP"]
[SourceTitle "CBM 153 Extra"]
[Source "ChessBase"]
[SourceDate "2013.04.22"]
[SourceVersion "1"]
[SourceVersionDate "2013.04.22"]
[SourceQuality "1"]

1. d4 d5 2. c4 dxc4 3. e4 c5 4. d5 e6 5. Bxc4 Nf6 6. Nc3 exd5 7. exd5 a6 8. a4 Bd6 9. Nge2 0-0 10. Bg5 Bf5 11. Bd3 Bxd3 12. Qxd3 Nbd7 13. 0-0 Bxh2+ 14. Kh1 Bd6 15. Ne4 Ne5 16. Qh3 Re8 17. N2c3 Ng6 18. Qf5 Re5 19. Qf3 Be7 20. d6 Nxe4 21. dxe7 Nxe7 22. Nxe4 f6 23. Rad1 Qb6 24. Rd6 Qb4 25. Nxf6+ Kh8 26. Qd3 g6 27. Bd2 Rh5+ 28. Nxh5 Qh4+ 29. Kg1 Qxh5 30. Rd8+ 1-0

[Event "Euskadi-chTB"]
[Site "Bergara"]
[Date "2013.01.19"]
[Round "2.3"]
[White "Berdote Alonso, Carlos"]
[Black "Zabala Perez, Aritz"]
[Result "0-1"]
[WhiteElo "1782"]
[BlackElo "1937"]
[PlyCount "168"]
[EventDate "2013.01.12"]
[EventType "team-tourn"]
[EventRounds "9"]
[EventCountry "ESP"]
[SourceTitle "EXT 2014"]
[Source "ChessBase"]
[SourceDate "2013.11.20"]
[SourceVersion "1"]
[SourceVersionDate "2013.11.20"]
[SourceQuality "1"]

1. e4 e6 2. d4 d5 3. exd5 exd5 4. Bd3 Bd6 5. Nf3 Ne7 6. c3 Bf5 7. Bg5 Bxd3 8. Qxd3 0-0 9. Nbd2 f6 10. Be3 Ng6 11. 0-0-0 c6 12. h4 Nf4 13. Bxf4 Bxf4 14. Qf5 Bd6 15. h5 Qd7 16. Qd3 Na6 17. Nh4 Nc7 18. h6 g6 19. g3 Rfe8 20. Kb1 Re7 21. Ndf3 Qe8 22. Rde1 Qf7 23. Rxe7 Bxe7 24. Re1 Re8 25. g4 Bf8 26. Rg1 Ne6 27. Qe2 Bd6 28. Qd3 Bf4 29. Nf5 gxf5 30. gxf5+ Ng5 31. Nxg5 fxg5 32. Qh3 Rf8 33. f6 Qxf6 34. Ka1 Qf5 35. Qh5 Qc2 36. Qg4 Qf5 37. Qe2 Qe4 38. Qh5 Re8 39. a3 Qg6 40. Qh3 Re6 41. Rh1 Qe8 42. Ka2 Re2 43. Qg2 Qe4 44. Qh3 Qe6 45. Qg2 Qf5 46. Rh5 Qc2 47. Rxg5+ Bxg5 48. Qxg5+ Qg6 49. Qd8+ Re8 50. Qh4 Re6 51. Qd8+ Qe8 52. Qc7 Rxh6 53. Qxb7 Qf7 54. Qb8+ Kg7 55. a4 Rf6 56. Qg3+ Rg6 57. Qe5+ Kh6 58. Qh2+ Kg5 59. Qe5+ Qf5 60. Qg3+ Kh6 61. Qh2+ Kg7 62. Qc7+ Qf7 63. Qe5+ Rf6 64. Qg3+ Qg6 65. Qc7+ Rf7 66. Qe5+ Qf6 67. Qg3+ Kh6 68. Qh2+ Kg5 69. Qg3+ Kh5 70. Qh2+ Qh4 71. Qe5+ Qg5 72. Qh2+ Kg6 73. Qd6+ Kg7 74. Qxc6 h5 75. Qd6 Rxf2 76. Qc7+ Rf7 77. Qh2 h4 78. a5 Qg3 79. Qh1 h3 80. Qxd5 h2 81. a6 Rf6 82. Qb7+ Kh6 83. c4 Qg1 84. Qxa7 h1Q 0-1

[Event "San Sebastian Gros op 22nd"]
[Site "San Sebastian"]
[Date "2012.09.24"]
[Round "5"]
[White "Elizondo Marquet, Juan Marcos"]
[Black "Berdote Alonso, Carlos"]
[Result "1/2-1/2"]
[WhiteElo "1873"]
[BlackElo "1764"]
[PlyCount "78"]
[EventDate "2012.09.20"]
[EventType "swiss"]
[EventRounds "8"]
[EventCountry "ESP"]
[SourceTitle "EXT 2013"]
[Source "ChessBase"]
[SourceDate "2012.11.22"]
[SourceVersion "1"]
[SourceVersionDate "2012.11.22"]
[SourceQuality "1"]

1. e4 c5 2. Nf3 d6 3. d4 cxd4 4. Nxd4 a6 5. Nc3 Nf6 6. Be2 Nc6 7. Be3 g6 8. 0-0 Bg7 9. f4 0-0 10. Bf3 Qb6 11. Na4 Qc7 12. Nxc6 bxc6 13. Nb6 Rb8 14. Nxc8 Rfxc8 15. Bd4 Nd7 16. Bg4 Rd8 17. Bxd7 Rxd7 18. Bxg7 Kxg7 19. b3 Rb4 20. Qf3 f6 21. f5 d5 22. exd5 Rxd5 23. fxg6 hxg6 24. c4 Rh5 25. h3 Rb8 26. Rae1 Rf5 27. Qe3 Rxf1+ 28. Kxf1 e5 29. Rd1 Re8 30. Qd3 Re7 31. c5 Kf7 32. Qc4+ Kg7 33. Rd6 Qc8 34. Qd3 e4 35. Qe3 Qf5+ 36. Kg1 Qe5 37. Rxc6 Qa1+ 38. Kh2 Qe5+ 39. Kh1 Qa1+ 1/2-1/2

[Event "Gipuzkoako Jubenil Mailako Txapelketa"]
[Site "Errenteria"]
[Date "2011.12.28"]
[Round "5.1"]
[White "Vicente Ezeiza, Mikel"]
[Black "Berdote Alonso, Carlos"]
[Result "1/2-1/2"]
[WhiteElo "1616"]
[BlackElo "1690"]
[PlyCount "88"]
[EventDate "2011.12.22"]
[EventType "swiss"]
[EventRounds "5"]
[EventCountry "ESP"]
[SourceTitle "EXT 2024"]
[Source "ChessBase"]
[SourceDate "2023.10.10"]
[SourceVersion "1"]
[SourceVersionDate "2023.10.10"]
[SourceQuality "1"]

1. d4 d5 2. Nc3 e6 3. Nf3 c5 4. Bf4 a6 5. e3 Nc6 6. Qd2 Bd7 7. Ne5 Nxe5 8. Bxe5 Rc8 9. Be2 b5 10. a3 Bc6 11. 0-0 Nf6 12. Bf3 Nd7 13. Bg3 Be7 14. Rfe1 0-0 15. Ne2 cxd4 16. exd4 Bb7 17. Nc1 Nb6 18. b3 Bg5 19. Qe2 Rc6 20. Nd3 Be7 21. Ne5 Rc3 22. Bg4 Qc8 23. Ra2 f5 24. Bh5 f4 25. Bf7+ Rxf7 26. Nxf7 fxg3 27. Qxe6 gxf2+ 28. Kxf2 Qxe6 29. Rxe6 Kxf7 30. Rxb6 Bc8 31. Ke2 Bf6 32. Rd6 Bxd4 33. Rxd5 Bf6 34. Kd2 Rc7 35. a4 b4 36. a5 Ke6 37. Rd3 Rd7 38. Ke2 Rxd3 39. cxd3 Bc3 40. Kd1 Bb7 41. Rf2 Bd5 42. Kc2 Kd6 43. g3 Be6 44. Rf8 Kc6 1/2-1/2

[Event "Gipuzkoako Jubenil Mailako Txapelketa"]
[Site "Errenteria"]
[Date "2011.12.26"]
[Round "3.2"]
[White "Berdote Alonso, Carlos"]
[Black "Vadillo Jueguen, Jon"]
[Result "1-0"]
[WhiteElo "1690"]
[BlackElo "1510"]
[PlyCount "37"]
[EventDate "2011.12.22"]
[EventType "swiss"]
[EventRounds "5"]
[EventCountry "ESP"]
[SourceTitle "EXT 2024"]
[Source "ChessBase"]
[SourceDate "2023.10.10"]
[SourceVersion "1"]
[SourceVersionDate "2023.10.10"]
[SourceQuality "1"]

1. e4 g6 2. d4 Bg7 3. Nc3 d6 4. f4 Nf6 5. Be2 a6 6. Bf3 0-0 7. Nge2 e6 8. Be3 Nfd7 9. Qd2 Nc6 10. 0-0 b5 11. f5 Ne7 12. e5 d5 13. f6 Bxf6 14. exf6 Nxf6 15. Bh6 Re8 16. Qf4 Nd7 17. Bxd5 Nf5 18. Bxa8 Nb6 19. Bc6 1-0